Statistics for Towns of Araba

Click here to take the quiz!

General Stats

  • This quiz has been taken 48 times
    (19 since last reset)
  • The average score is 31 of 53

Answer Stats

PopulationFirst
letter
TownCounty% Correct
5.085AAgurain/SalvatierraLautada
100%
10.313AAmurrioAiaraldea
100%
17.917LLaudioAiaraldea
100%
1.198OOkondoAiaraldea
100%
255.886VVitoria-GasteizVitoria-Gasteiz
100%
2.918AAiara/AyalaAiaraldea
75%
156AAñanaAñana
75%
1.832AArtziniegaAiaraldea
75%
1.566BBastida/LabastidaErrioxa
75%
964EEltziego/ElciegoErrioxa
75%
1.423EErriberabeitiaAñana
75%
828EErriberagoitiaAñana
75%
1.472GGuardia/LaguardiaErrioxa
75%
249IIekora/YecoraErrioxa
75%
3.597IIruña OkaAñana
75%
708LLantziego/LanciegoErrioxa
75%
865LLapuebla de LabarcaErrioxa
75%
3.405OOionErrioxa
75%
1.479TTrebiñu Konderria/
Condado de Treviño
Trebiñualdea
75%
422ZZambranaAñana
75%
2.343ZZuiaGorbeialdea
75%
2.975AAlegria-DulantziLautada
50%
1.409AAramaioGorbeialdea
50%
552AArgantzon/La Puebla de
Arganzon
Trebiñualdea
50%
451BBerantevillaAñana
50%
313BBilar/ElvillarErrioxa
50%
638BBurgelu/ElburgoLautada
50%
726DDonemiliaga/San MillanLautada
50%
285EEskuernaga/Villabuena
de Alava
Errioxa
50%
1.066GGaubea/ValdegoviaAñana
50%
541IIruraiz-GaunaLautada
50%
1.072KKanpezuMendialdea
50%
174KKripanErrioxa
50%
401KKuartangoAñana
50%
938LLantaronAñana
50%
2.048LLegutioGorbeialdea
50%
220LLezaErrioxa
50%
295MMañueta/Baños de EbroErrioxa
50%
197NNavaridasErrioxa
50%
305SSamaniegoErrioxa
50%
302UUrizaharra/PeñacerradaMendialdea
50%
1.434UUrkabustaizGorbeialdea
50%
196ZZalduondoLautada
50%
1.821ZZigoitiaGorbeialdea
50%
812AArraia-MaeztuMendialdea
25%
1.043AArratzua-UbarrundiaGorbeialdea
25%
1.609AAsparrenaLautada
25%
897BBarrundiaLautada
25%
540BBernedoMendialdea
25%
219HHarana/Valle de AranaMendialdea
25%
172LLagranMendialdea
25%
208MMoredaErrioxa
25%
232AArmiñonAñana
0%

Score Distribution

Percentile by Number Answered

Percent of People with Each Score

Your Score History

You have not taken this quiz since the last reset